[Event "XII Figueira da Foz Open 2018"]
[Site "Figueira da Foz"]
[Date "2018.11.03"]
[Round "8"]
[White "Guerreiro, Nuno"]
[Black "Santos, Antonio P"]
[Result "1-0"]
[WhiteElo "2069"]
[BlackElo "2155"]
[Annotator "TA"]
[PlyCount "89"]
[EventDate "2018.10.30"]
[EventType "swiss"]
[EventCountry "POR"]
[SourceTitle "playchess.com"]
[Source "ChessBase"]
[SourceQuality "1"]

{[%evp 21,89,18,24,0,6,9,44,35,37,29,33,35,29,32,32,33,34,-9,-11,-22,0,0,0,-9,-9,-9,-8,-10,-4,-42,-43,-115,0,0,0,0,0,0,0,0,0,0,0,0,0,0,0,0,0,0,0,0,0,0,79,79,79,79,79,79,79,0,48,0,881,881,866,863,1089,1063]} 1. Nf3 Nf6 2. g3 b6 3. Bg2 Bb7 4. O-O e6 5. c4 c5 6. Nc3 Be7 7. d4 cxd4 8. Qxd4 d6 9. Rd1 O-O 10. Bg5 Nbd7 11. Rac1 {A30: Symmetrical English: Double Fianchetto and Hedgehog} (11. Nb5 d5 12. cxd5 Bxd5 13. Nc3 Bc6 14. Qc4 Qc8 15. Rac1 h6 16. Bxf6 Bxf6 17. e4 Ne5 18. Nxe5 Bxe5 19. f4 Bxc3 20. Qxc3 {½-½ (43) Eljanov,P (2717)-Jakovenko,D (2748) Germany 2015}) 11... a6 {LiveBook: 21 Games} 12. Nd2 Bxg2 13. Kxg2 {The position is equal.} b5 14. Nde4 b4 15. Nxf6+ Nxf6 16. Ne4 Nxe4 17. Bxe7 Qxe7 18. Qxe4 Qc7 $146 ({Predecessor:} 18... a5) 19. c5 dxc5 20. Rc4 Rac8 21. Rdc1 Qa5 22. Qe5 {[%cal Rc4c5]} Qxa2 23. Rxc5 Rxc5 24. Rxc5 $11 {[%mdl 4096] Endgame KQR-KQR} h6 25. h4 Rd8 26. Qc7 {[#]} (26. g4 $15) 26... Rf8 (26... Rd5 $1 $17 {[%cal Rd5c5] aiming for ...Rxc5.} 27. Qb8+ Kh7 28. Qxb4 Rxc5 29. Qxc5 Qxb2) 27. Qe5 Qb3 28. Rc6 Qa4 29. Rb6 a5 30. Ra6 Rd8 31. Rxa5 Qc6+ 32. f3 Rd2 33. Rb5 Qc2 34. Kf2 Qxb2 35. Rb8+ Kh7 36. Qe4+ g6 37. Rb7 Kg7 (37... Kg8 $11 {keeps the balance.}) 38. Qxe6 $1 $16 Qd4+ {[#]} 39. Kg2 $1 Qf6 40. Qe8 {Rb8 is the strong threat.} Rd8 41. Qb5 (41. Qe3 $16) 41... Rd2 42. Rb8 Qd4 $2 {[%mdl 8192]} (42... Qb2 $11 43. Re8 b3) 43. Qe8 $18 {[%csl Gb8][%cal Re8h8] White is clearly winning.} Kf6 44. Qh8+ Kf5 45. g4+ {Precision: White = 59%, Black = 59%.} 1-0

[Event "XII Figueira da Foz Open 2018"]
[Site "Figueira da Foz"]
[Date "2018.11.03"]
[Round "8"]
[White "Dionizio, Andre Filipe Nascim"]
[Black "Fernandes, Joao Pedro Murtinho"]
[Result "1/2-1/2"]
[WhiteElo "2013"]
[BlackElo "2067"]
[Annotator "NA RC"]
[PlyCount "117"]
[EventDate "2018.10.30"]
[EventType "swiss"]
[EventCountry "POR"]
[SourceTitle "playchess.com"]
[Source "ChessBase"]
[SourceQuality "1"]
[TimeControl "40/5400+30:1800+30"]

{[%evp 16,117,10,32767,32767,32767,32767,-4,0,32767,32767,32767,32767,-6,-7,-51,-32,-27,-31,-35,-19,-36,-37,-37,-31,32767,32767,-37,-36,-43,-29,-77,-47,-43,-20,-25,32767,32767,32767,-316,19,-37,93,99,113,115,124,98,114,-8,-4,-8,-20,-123,56,47,104,67,95,79,72,0,51,45,107,116,109,112,131,127,169,138,184,143,198,187,265,247,225,259,32767,32767,32767,28,0,14,18,22,0,0,4,0,23,0,0,0,0,0,573,0,0,0,0,0]} 1. Nf3 {[%emt 0:01:57]} Nf6 {[%emt 0:00:00]} 2. b3 {[%emt 0:00:05]} c5 {[%emt 0:00:33]} 3. Bb2 {[%emt 0:00:07]} e6 {[%emt 0:00:11]} 4. e3 {[%emt 0:00:05]} b6 {[%emt 0:01:14] A05: Réti Opening: 1 Nf3 Nf6} 5. Be2 {[%emt 0:00:17]} Bb7 {[%emt 0:00:10]} 6. O-O {[%emt 0:00:09]} Be7 {[%emt 0:00:25]} 7. d4 {[%emt 0:00:59]} O-O {[%emt 0:00:57]} 8. Nbd2 {[%emt 0:00:29]} (8. c4 cxd4 9. Nxd4 a6 10. Nc3 d6 11. Bf3 Qc7 12. Rc1 Nbd7 13. Qe2 Rac8 14. Rfd1 Rfd8 15. h3 Bf8 16. g4 Ne5 17. Bxb7 Qxb7 18. f4 Nc6 19. g5 Ne8 20. Qg2 Rd7 21. Nxc6 Qxc6 {½-½ (63) Salgado Lopez,I (2644)-Leko,P (2691) Riadh 2017}) 8... d6 {[%emt 0:00:45]} 9. c4 {[%emt 0:00:20]} Nbd7 {[%emt 0:01:04]} 10. Qc2 {[%emt 0:01:35]} Qc7 {[%emt 0:01:53]} 11. Rac1 {[%emt 0:00:06]} Rac8 {[%emt 0:01:29]} 12. Rfd1 {[%emt 0:00:22]} a6 {[%emt 0:03:11]} 13. Qb1 {[%emt 0:02:08]} Rfd8 $146 {[%emt 0:01:25]} ({Predecessor:} 13... Qb8 14. Bd3 Rfd8 15. dxc5 bxc5 16. Ng5 {1-0 (43) Vakhania,A (2136)-Kamadadze,Z (2262) Batumi 2001}) 14. e4 {[%emt 0:05:01]} cxd4 {[%emt 0:00:56]} 15. Bxd4 {[%emt 0:01:25]} e5 {[%emt 0:05:19]} 16. Be3 {[%emt 0:03:47]} Nc5 {[%emt 0:12:33]} 17. Bd3 {[%emt 0:01:49]} Ng4 {[%emt 0:07:24]} 18. Bg5 {[%emt 0:12:54]} Bxg5 {[%emt 0:01:34]} 19. Nxg5 {[%emt 0:00:03]} Qe7 {[%emt 0:00:45]} 20. Ngf3 {[%emt 0:00:19]} Ne6 {[%emt 0:01:28]} 21. h3 {[%emt 0:00:58]} Nf6 {[%emt 0:00:27]} 22. g3 {[%emt 0:00:23]} Rc7 {[%emt 0:07:34]} 23. Nf1 {[%emt 0:07:37]} Nc5 {[%emt 0:01:39]} 24. N3d2 {[%emt 0:00:55]} Qe6 {[%emt 0:02:29]} 25. h4 Qh3 {[%emt 0:09:16]} 26. Ne3 {[%emt 0:08:44]} Ng4 {[%emt 0:00:51]} 27. Ndf1 $2 {[%emt 0:03:25] [#]} (27. Nxg4 $11 {and White is okay.} Qxg4 28. Re1) 27... g5 $2 {[%emt 0:15:19]} ({Black should play} 27... f5 $1 $19 {[%mdl 512]} 28. Nxg4 (28. Nxf5 Rf8) 28... Nxd3 29. Rxd3 Bxe4) 28. hxg5 {[%emt 0:02:50]} Ne6 {[%emt 0:01:23] [#]} (28... f5 $1 $15 29. gxf6 (29. Nxf5 $2 Rf8 $19) 29... Rf7) 29. Be2 $1 {[%emt 0:02:29]} Nxe3 {[%emt 0:01:15]} 30. Nxe3 {[%emt 0:00:01]} Nxg5 {[%emt 0:01:04]} 31. Bg4 {[%emt 0:00:33]} Qh6 {[%emt 0:00:26]} 32. Nf5 {[%emt 0:03:00]} (32. Nd5 $16) 32... Qg6 $1 {[%emt 0:00:42]} 33. Re1 {[%emt 0:02:27]} h5 {[%emt 0:00:38]} 34. Nh4 {[%emt 0:00:51]} (34. Bd1 $1 $11 {was the only way to keep the balance.}) 34... Qf6 $2 {[%emt 0:02:44]} ({Black should try} 34... Bxe4 $17 35. Qb2 Qh6) 35. Bf5 {[%emt 0:00:34]} Bc8 {[%emt 0:01:21]} 36. Kg2 {[%emt 0:00:23]} Ne6 {[%emt 0:01:55]} 37. Nf3 {[%emt 0:04:28]} Ng5 {[%emt 0:01:15]} 38. Nh4 {[%emt 0:00:55]} (38. Nxg5 $16 Bxf5 39. exf5 Qxg5 40. Rcd1) 38... Ne6 {[%emt 0:00:12]} 39. Qd3 {[%emt 0:01:48]} Qxh4 {[%emt 0:05:26]} 40. Bxe6 $1 {[%emt 0:00:00]} ({Wrong is} 40. Bh7+ $2 Kxh7 41. Rh1 Qg5 $19) 40... Qg5 {[%emt 0:00:00]} 41. Bxc8 {[%emt 0:00:50]} Rcxc8 {[%emt 0:01:19]} 42. Rh1 {[%emt 0:04:53]} Kg7 {[%emt 0:01:30]} 43. Rcd1 {[%emt 0:04:10]} Rd7 {[%emt 0:06:32]} 44. Qf3 {[%emt 0:01:30]} Kg6 {[%emt 0:01:51]} 45. Rh4 {[%emt 0:01:02]} f6 {[%emt 0:02:55]} (45... f5 {keeps fighting.} 46. exf5+ Qxf5 47. Qxf5+ Kxf5 48. Rxh5+ Kf6) 46. Rdh1 {[%emt 0:01:56]} Rh7 {[%emt 0:01:32]} 47. Qd1 {[%emt 0:00:22]} Rd8 {[%emt 0:00:55]} 48. g4 {[%emt 0:00:20]} Rdh8 {[%emt 0:01:37]} 49. R1h3 $2 {[%emt 0:06:21]} ({Better is} 49. Qxd6 $18 hxg4 50. Rxh7 Rxh7 51. Rxh7 (51. Qxb6 Rxh1 52. Kxh1 Qh4+ 53. Kg1 g3 $11) 51... Kxh7 52. Qxb6) 49... hxg4 {[%emt 0:03:04]} 50. Rxg4 {[%emt 0:00:06]} Rxh3 {[%emt 0:00:07]} 51. Rxg5+ {[%emt 0:00:02]} Kxg5 {[%emt 0:00:16]} 52. Qxd6 {[%emt 0:00:12]} Rh2+ {[%emt 0:01:15]} 53. Kf3 {[%emt 0:02:51]} R2h3+ {[%emt 0:01:24]} 54. Ke2 {[%emt 0:03:07]} R8h4 {[%emt 0:00:39]} 55. Qxb6 {[%emt 0:07:59]} Rxe4+ {[%emt 0:00:27]} 56. Kf1 {[%emt 0:00:26]} Rh1+ {[%emt 0:04:59]} 57. Kg2 {[%emt 0:00:01]} Ree1 {[%emt 0:00:31]} 58. f3 {[%emt 0:08:09]} Rc1 {[%emt 0:00:32]} 59. Qe3+ $11 {[%emt 0:01:20]} 1/2-1/2

[Event "XII Figueira da Foz Open 2018"]
[Site "Figueira da Foz"]
[Date "2018.11.03"]
[Round "8"]
[White "Sismeiro, Miguel"]
[Black "Marques, Joao Paulo C Veloso"]
[Result "1-0"]
[WhiteElo "2008"]
[BlackElo "1807"]
[Annotator "NA RC"]
[PlyCount "58"]
[EventDate "2018.10.30"]
[EventType "swiss"]
[EventCountry "POR"]
[SourceTitle "playchess.com"]
[Source "ChessBase"]
[SourceQuality "1"]
[TimeControl "40/5400+30:1800+30"]

{[%evp 8,58,36,32767,32767,42,45,61,67,52,47,31,39,28,60,45,83,32767,52,32767,39,33,60,26,71,57,70,35,39,39,50,14,32767,32767,58,39,48,32767,32767,32767,32767,32767,32767,32767,231,227,188,142,456,476,423,458,1451]} 1. e4 {[%emt 0:10:00]} e6 {[%emt 0:00:00]} 2. d4 {[%emt 0:00:21]} d5 {[%emt 0:00:00]} 3. Nc3 {[%emt 0:00:05]} Bb4 {[%emt 0:00:00]} 4. e5 {[%emt 0:00:10]} b6 {[%emt 0:00:00]} 5. Qg4 {[%emt 0:07:56]} Bf8 {[%emt 0:00:05]} 6. Bg5 {[%emt 0:14:15]} Qd7 {[%emt 0:00:06]} 7. O-O-O {[%emt 0:07:20]} Ba6 {[%emt 0:01:23] C16: French: 3 Nc3 Bb4 4 e5: Lines without ...c5} (7... Ne7 8. Bxe7 h5 9. Qh3 Bxe7 10. f4 Ba6 11. Nf3 Bxf1 12. Rhxf1 Nc6 13. Ng5 Bxg5 14. fxg5 O-O-O 15. Rf4 {1-0 (52) Yu,Y (2721)-Lenderman,A (2623) Las Vegas 2015}) 8. Bxa6 {[%emt 0:07:37]} Nxa6 {[%emt 0:00:14] LiveBook: 4 Games} 9. Qe2 {[%emt 0:00:05]} Nb8 {[%emt 0:00:07]} 10. f4 {[%emt 0:06:23]} Ne7 {[%emt 0:04:23]} 11. g4 $146 {[%emt 0:03:21]} ({Predecessor:} 11. Nf3 Nbc6 12. g4 O-O-O 13. Rhf1 Kb7 14. f5 h6 15. Bh4 {0-1 (39) Kicmer,P (2248)-Dawidow,J (2337) Czechia 2007}) 11... Nbc6 {[%emt 0:02:49]} 12. Qa6 {[%emt 0:16:26]} Qc8 {[%emt 0:07:21]} (12... h5 $11) 13. Qxc8+ {[%emt 0:09:00]} Rxc8 {[%emt 0:01:06]} 14. Nge2 {[%emt 0:00:12]} h6 {[%emt 0:06:17]} 15. Bh4 {[%emt 0:00:49]} Ng6 {[%emt 0:01:08]} 16. Bg3 {[%emt 0:01:09]} Nge7 {[%emt 0:04:24]} 17. Rhf1 {[%emt 0:09:03]} g6 {[%emt 0:00:54]} 18. h3 {[%emt 0:00:59]} a6 {[%emt 0:00:05]} 19. Bh2 {[%emt 0:00:52]} Kd7 {[%emt 0:09:09]} 20. Ng3 {[%emt 0:00:39]} Bg7 {[%emt 0:07:51]} ({Black should try} 20... h5 $15 21. g5 h4) 21. f5 {[%emt 0:02:06]} gxf5 {[%emt 0:03:40]} 22. gxf5 {[%emt 0:00:03]} exf5 {[%emt 0:04:59]} 23. Nxf5 {[%emt 0:00:04]} Nxf5 {[%emt 0:00:26]} 24. Rxf5 {[%emt 0:00:04]} Ke6 {[%emt 0:00:07]} 25. Rf3 {[%emt 0:00:15]} Rcf8 {[%emt 0:01:33] [#]} (25... h5 $16 {was worth a try.} 26. Ne2 Bh6+ 27. Kb1 Rh7) 26. Ne2 $1 {[%emt 0:00:27]} Ne7 {[%emt 0:04:14]} 27. Rdf1 {[%emt 0:00:22]} c6 $2 {[%emt 0:07:06]} (27... h5 $16 {is a better chance.} 28. Kb1 h4) 28. Nf4+ {[%emt 0:00:17]} Kd7 {[%emt 0:00:15]} 29. Nh5 $1 {[%emt 0:00:16]} Ke8 $18 (29... Rh7 $142 30. Rxf7 Rxf7 31. Rxf7 Bxe5) 1-0

[Event "XII Figueira da Foz Open 2018"]
[Site "Figueira da Foz"]
[Date "2018.11.03"]
[Round "8"]
[White "Adams, Philip"]
[Black "Dias, Ricardo Pedro Cruz"]
[Result "0-1"]
[WhiteElo "1980"]
[BlackElo "2098"]
[Annotator "NA RC"]
[PlyCount "80"]
[EventDate "2018.10.30"]
[EventType "swiss"]
[EventCountry "POR"]
[SourceTitle "playchess.com"]
[Source "ChessBase"]
[SourceQuality "1"]
[TimeControl "40/5400+30:1800+30"]

1. c4 Nf6 2. g3 g6 3. Bg2 d5 4. cxd5 Nxd5 5. Nc3 Nb6 6. d3 Bg7 7. Be3 Nc6 8. h4 h6 9. Nf3 Nd4 10. Nxd4 Bxd4 11. Qd2 Bg7 12. Rc1 c6 13. O-O Be6 14. Ne4 Nd5 15. Nc5 Nxe3 16. Nxe6 Nxf1 17. Nxg7+ Kf8 18. Ne6+ fxe6 19. Qf4+ Ke8 20. Kxf1 Qd6 21. Qg4 e5 22. Be4 Rg8 23. h5 g5 24. b4 Qd7 25. Bf5 Qd5 26. Kg1 Rf8 27. Rc4 a5 28. Be4 Qd7 29. Bg6+ Kd8 30. Qe4 Qd5 31. Qe3 axb4 32. Qb6+ Kc8 33. Rxb4 Qd7 34. a4 Ra6 35. Qe3 Qd6 36. Re4 Ra5 37. Qb6 Qc5 38. Qxc5 Rxc5 39. f3 Rd8 40. g4 Rd4 0-1

[Event "XII Figueira da Foz Open 2018"]
[Site "Figueira da Foz"]
[Date "2018.11.03"]
[Round "8"]
[White "Morais, Vitor"]
[Black "Garcia Dorado, Alberto"]
[Result "0-1"]
[WhiteElo "1918"]
[BlackElo "2206"]
[Annotator "TA"]
[PlyCount "64"]
[EventDate "2018.10.30"]
[EventType "swiss"]
[EventCountry "POR"]
[SourceTitle "playchess.com"]
[Source "ChessBase"]
[SourceQuality "1"]

{[%evp 9,64,21,28,-29,-23,-43,-57,-45,-25,-33,-27,-68,-78,-64,-70,-87,-108,-107,-101,-116,-112,-156,-130,-182,-178,-185,-170,-176,-168,-172,-139,-132,-79,-151,-158,-212,-212,-206,-213,-234,-211,-255,-248,-279,-272,-273,-267,-269,-152,-482,-461,-464,-464,-461,-464,-1220,-961]} 1. e4 e6 2. d4 d5 3. Nd2 dxe4 4. Nxe4 Nd7 5. Bd3 Ngf6 {LiveBook: 382 Games} 6. Ng5 {C10: French with 3 Nc3: Unusual Black 3rd moves and 3...dxe4} (6. c3 $142) (6. Qe2 c5 7. Nf3 Be7 8. O-O cxd4 9. Rd1 O-O 10. Nxd4 Ne5 11. Nxf6+ Bxf6 12. Be4 Qc7 13. Bf4 Qc5 14. c3 Ng6 15. Be3 Qe5 {1-0 (48) Can,E (2603)-Magalashvili,D (2508) Batumi 2018}) 6... h6 $11 7. N5f3 c5 8. c3 {Black is slightly better.} cxd4 $146 ({Predecessor:} 8... Be7 9. Ne2 Qb6 10. O-O Nd5 11. a4 a6 12. a5 Qc7 13. Re1 cxd4 14. Nexd4 {½-½ (43) Langwieser,A-Ferk,M (2095) Austria 1998}) 9. cxd4 Bb4+ 10. Kf1 Bd6 11. Ne2 b6 12. Bf4 Bxf4 13. Nxf4 Bb7 14. Rc1 O-O 15. Bb1 Rc8 16. Rxc8 (16. h4 $17) 16... Qxc8 $19 17. h3 Qc7 18. Ne2 Rd8 19. Qb3 Bd5 20. Qe3 Qb7 (20... Qd6 $142 21. Kg1 Bb7) 21. Nf4 {[#]} (21. Kg1 $142) 21... Bxa2 $1 $17 {[%mdl 512]} 22. Bd3 (22. Bxa2 $17 {was worth a try.} Qa6+ 23. Kg1 Qxa2 24. Qd2) 22... Nd5 $19 23. Nxd5 Bxd5 24. Ne1 Rc8 25. f3 Bc4 26. Kf2 Bxd3 27. Qxd3 Qd5 28. Rf1 Rc4 (28... Qa5 $19 {Hoping for ...Qb4.} 29. Qe3 Nf6) 29. Ke3 $2 {[#]} (29. Nc2 $17 {was the crucial defense.}) 29... Rb4 {Black is clearly winning.} 30. Qd2 Rb3+ 31. Nd3 e5 32. dxe5 (32. Rc1 $142 Qxd4+ 33. Ke2) 32... Nxe5 {Precision: White = 33%, Black = 79%.} 0-1

[Event "XII Figueira da Foz Open 2018"]
[Site "Figueira da Foz"]
[Date "2018.11.03"]
[Round "8"]
[White "Pipiras, Filipa Fortuna"]
[Black "Lisowski, Krzysztof"]
[Result "0-1"]
[WhiteElo "1853"]
[BlackElo "2095"]
[Annotator "NA RC"]
[PlyCount "72"]
[EventDate "2018.10.30"]
[EventType "swiss"]
[EventCountry "POR"]
[SourceTitle "playchess.com"]
[Source "ChessBase"]
[SourceQuality "1"]
[TimeControl "40/5400+30:1800+30"]

{[%evp 8,65,1,32767,32767,32767,32767,32767,32767,32767,-6,32767,32767,0,32767,32767,-5,-19,-10,-14,-10,-12,-10,-6,-14,-17,-18,-25,-16,-10,-18,-19,0,0,32767,-12,-6,-20,-16,32767,-18,-21,-25,-22,-27,-134,-128,-138,13,-327,-351,-337,-358,-366,-371,-339,-398,-379,-294,-495]} 1. d4 {[%emt 0:00:00]} Nf6 {[%emt 0:00:00]} 2. c4 {[%emt 0:00:13]} e6 {[%emt 0:00:00]} 3. Nf3 {[%emt 0:00:28]} d5 {[%emt 0:00:00]} 4. cxd5 {[%emt 0:01:07]} exd5 {[%emt 0:00:00] LiveBook: 876 Games} 5. Nc3 {[%emt 0:00:39]} c6 {[%emt 0:01:08]} 6. Bg5 {[%emt 0:00:29]} Be7 {[%emt 0:00:54]} 7. e3 {[%emt 0:00:24]} Bf5 {[%emt 0:00:58]} 8. Bd3 {[%emt 0:00:38]} Bxd3 {[%emt 0:01:48]} 9. Qxd3 {[%emt 0:00:19]} Nbd7 {[%emt 0:01:11]} 10. O-O {[%emt 0:00:38]} O-O {[%emt 0:01:18]} 11. Rab1 {[%emt 0:00:57]} Nb6 {[%emt 0:21:35]} 12. b4 {[%emt 0:07:35]} a6 {[%emt 0:00:08]} 13. a4 {[%emt 0:00:17]} Ne4 {[%emt 0:00:32]} 14. Bxe7 {[%emt 0:00:37]} Qxe7 {[%emt 0:00:08]} 15. Ra1 {[%emt 0:07:47]} Nxc3 {[%emt 0:03:21]} 16. Qxc3 {[%emt 0:00:24]} Nc4 {[%emt 0:00:20]} 17. Ne1 {[%emt 0:10:37]} Rfe8 {[%emt 0:06:42]} 18. Nd3 {[%emt 0:06:15]} Nd6 {[%emt 0:21:01]} 19. Qc5 {[%emt 0:04:55]} Rad8 {[%emt 0:00:33]} 20. Qc2 {[%emt 0:08:53]} Qh4 {[%emt 0:05:20]} 21. Nf4 {[%emt 0:03:08]} g5 {[%emt 0:07:29]} 22. Nd3 {[%emt 0:01:15]} Re6 {[%emt 0:01:27]} 23. g3 {[%emt 0:03:53]} Qh3 {[%emt 0:03:49]} 24. Rae1 {[%emt 0:02:25]} Rde8 {[%emt 0:00:30]} 25. Nc5 {[%emt 0:02:38]} R6e7 {[%emt 0:04:26]} 26. f4 {[%emt 0:08:50]} (26. Qd1 $11 {hält das Gleichgewicht.}) 26... Nf5 {[%emt 0:07:21]} ({Bitte nicht} 26... Rxe3 $6 27. Rxe3 Rxe3 28. fxg5 $15) 27. e4 {[%emt 0:00:57] [#]} b6 {[%emt 0:04:09]} ({Resist} 27... Nxd4 28. Qf2 $15) (27... g4 $1 $17 28. Nd7 Kg7) 28. fxg5 $2 {[%emt 0:04:33]} (28. Nd7 $1 $11 {and White is okay.} Kg7 29. Qxc6) 28... Nxd4 {[%emt 0:00:27]} (28... bxc5 29. Rxf5 Qxf5 30. exf5 $11) 29. Qf2 {[%emt 0:00:42]} bxc5 {[%emt 0:00:13]} 30. bxc5 {[%emt 0:00:11]} Ne6 {[%emt 0:00:41]} 31. exd5 {[%emt 0:00:17]} cxd5 {[%emt 0:00:05]} 32. Re5 {[%emt 0:01:06]} d4 {[%emt 0:01:12]} 33. Qe2 $19 {[%emt 0:01:10]} d3 {[%emt 0:02:55]} 34. Qf3 {[%emt 0:01:11]} Nd4 {[%emt 0:00:38]} 35. Qf2 {[%emt 0:00:33]} Ne2+ {[%emt 0:00:23]} 36. Kh1 {[%emt 0:00:17]} Nxg3+ {[%emt 0:00:24]} 0-1

[Event "XII Figueira da Foz Open 2018"]
[Site "Figueira da Foz"]
[Date "2018.11.03"]
[Round "8"]
[White "Puglia, Francesco"]
[Black "Fernandes, Miguel A. Murtinho"]
[Result "0-1"]
[WhiteElo "1803"]
[BlackElo "2048"]
[Annotator "NA RC"]
[PlyCount "84"]
[EventDate "2018.10.30"]
[EventType "swiss"]
[EventCountry "POR"]
[SourceTitle "playchess.com"]
[Source "ChessBase"]
[SourceQuality "1"]
[TimeControl "40/5400+30:1800+30"]

{[%evp 9,84,0,0,32767,32767,32767,32767,32767,32767,-25,0,-18,-5,-23,2,8,-7,-2,-6,-21,-17,-41,-29,-22,-12,-39,32767,-41,-30,-70,-33,-52,-58,-58,-47,32767,-79,-75,0,0,0,0,60,-31,-12,-47,-40,32767,-30,-22,-8,-22,-7,-30,-35,-20,-31,-188,-207,-203,-243,-262,-261,-388,-397,-483,-599,-513,-708,-2232,-5099,-2243,-6345,-29952,-29979,-29979,-29981]} 1. Nf3 d5 2. g3 Nf6 3. Bg2 e6 4. O-O Be7 5. d3 O-O {LiveBook: 675 Games} 6. Nbd2 c5 7. b3 Nc6 8. Bb2 Qc7 9. e4 {A06: Réti Opening:1 Nf3 d5} (9. Re1 e5 10. e4 d4 11. Nh4 g6 12. Bc1 Bg4 13. Nhf3 b5 14. h3 Bd7 15. Nh2 Qc8 16. h4 h5 {1-0 (69) Gabuzyan,H (2614)-Kotanjian,T (2485) Yerevan 2016}) 9... Rb8 10. exd5 $146 ({Predecessor:} 10. e5 Nd7 11. Qe2 b5 12. Rfe1 a5 13. h4 c4 14. Nf1 a4 15. h5 Bb4 16. c3 {1-0 (35) Sieciechowicz,M (2438)-Pisacane,P (2058) Erice 2014}) 10... exd5 11. Re1 Bg4 12. h3 Bh5 13. g4 Bg6 14. Nh4 Rfe8 15. Nxg6 hxg6 16. Nf3 d4 17. Nd2 Bd6 18. Rxe8+ Rxe8 19. a4 Bh2+ 20. Kh1 Bf4 21. Nc4 g5 22. Bc1 Bxc1 23. Rxc1 Qf4 (23... b6 $17) 24. Qd2 Qxd2 25. Nxd2 Re2 (25... Nb4 $11) 26. Nc4 (26. Bxc6 $1 $16 bxc6 27. Nf3) 26... Rxf2 27. Nd6 Nd8 28. Nxb7 Nxb7 29. Bxb7 Re2 30. Kg1 Kf8 31. Kf1 Re3 32. Bg2 Ke7 33. Re1 $2 (33. Rb1 $15) 33... Rxe1+ 34. Kxe1 Kd6 35. Kd2 Ke5 36. c3 a5 37. cxd4+ Kxd4 38. Bc6 Nd5 39. Bxd5 Kxd5 40. Ke3 g6 41. Ke2 Kd4 42. Kd2 f5 0-1

[Event "XII Figueira da Foz Open 2018"]
[Site "Figueira da Foz"]
[Date "2018.11.03"]
[Round "8"]
[White "Marcal, Armando Paulo Gomes"]
[Black "Felizes, Paulo"]
[Result "0-1"]
[WhiteElo "1751"]
[BlackElo "1965"]
[Annotator "NA RC"]
[PlyCount "36"]
[EventDate "2018.10.30"]
[EventType "swiss"]
[EventCountry "POR"]
[SourceTitle "playchess.com"]
[Source "ChessBase"]
[SourceQuality "1"]
[TimeControl "40/5400+30:1800+30"]

{[%evp 14,36,-11,-63,-52,32767,32767,32767,-367,-392,-368,-388,-318,-306,-312,-296,-311,-349,-347,-325,-349,-369,-352,-621,-652]} 1. e4 {[%emt 0:00:00]} e5 {[%emt 0:00:00]} 2. Nf3 {[%emt 0:01:03]} Nc6 {[%emt 0:00:00]} 3. d4 {[%emt 0:00:05]} exd4 {[%emt 0:00:00]} 4. Nxd4 {[%emt 0:00:11]} Nf6 {[%emt 0:00:07]} 5. Nxc6 {[%emt 0:01:02]} bxc6 {[%emt 0:00:09]} 6. Bd3 {[%emt 0:00:23]} d5 {[%emt 0:00:45]} 7. e5 {[%emt 0:03:41]} Ng4 {[%emt 0:07:06]} 8. Qe2 {[%emt 0:01:55]} Bc5 {[%emt 0:03:13]} 9. O-O {[%emt 0:00:23]} Qh4 {[%emt 0:03:48]} 10. Bf4 {[%emt 0:00:35]} Nxf2 $1 {[%emt 0:03:31]} 11. Rxf2 {[%emt 0:01:00]} Qxf4 $1 {[%emt 0:00:08]} 12. Nd2 {[%emt 0:02:34]} Qxf2+ {[%emt 0:02:53]} 13. Qxf2 {[%emt 0:00:22]} Bxf2+ {[%emt 0:00:06]} 14. Kxf2 {[%emt 0:00:08]} O-O {[%emt 0:00:18]} 15. Nb3 {[%emt 0:01:47]} f6 {[%emt 0:01:58]} 16. exf6 {[%emt 0:01:21]} Rxf6+ {[%emt 0:00:09]} 17. Kg3 {[%emt 0:01:06]} Bf5 {[%emt 0:03:03]} 18. Ba6 $2 {[%emt 0:06:53]} (18. Bxf5 Rxf5 19. Re1) 18... Raf8 $19 {[%emt 0:04:50]} 0-1

[Event "XII Figueira da Foz Open 2018"]
[Site "Figueira da Foz"]
[Date "2018.11.03"]
[Round "8"]
[White "Gama, Joao Goncalo Cereje"]
[Black "Lopez de Turiso, Jose Angel"]
[Result "1/2-1/2"]
[WhiteElo "1598"]
[BlackElo "1933"]
[Annotator "NA RC"]
[PlyCount "61"]
[EventDate "2018.10.30"]
[EventType "swiss"]
[EventCountry "POR"]
[SourceTitle "playchess.com"]
[Source "ChessBase"]
[SourceQuality "1"]
[TimeControl "40/5400+30:1800+30"]

{[%evp 16,55,33,29,22,0,33,23,68,31,55,29,63,22,32767,32767,32767,34,32767,-22,42,0,32,-48,0,0,0,0,32767,-5,0,0,0,0,33,45,51,51,139,169,133,82]} 1. e4 {[%emt 0:00:00]} c5 {[%emt 0:02:10]} 2. Nf3 {[%emt 0:00:00]} Nc6 {[%emt 0:00:18]} 3. Bb5 {[%emt 0:00:00]} e6 {[%emt 0:00:22]} 4. O-O {[%emt 0:00:08]} Nge7 {[%emt 0:00:07]} 5. Re1 {[%emt 0:01:10]} Nd4 {[%emt 0:00:51]} 6. Bf1 {[%emt 0:03:49] B30: Sicilian: 2...Nc6 3 Bb5, lines without ...g6} Nxf3+ {[%emt 0:08:59]} 7. Qxf3 {[%emt 0:00:13]} Ng6 {[%emt 0:00:26]} 8. c3 {[%emt 0:04:46]} Be7 {[%emt 0:03:14]} 9. d4 {[%emt 0:00:58]} O-O {[%emt 0:02:34]} 10. Be3 $146 {[%emt 0:05:36]} ({Predecessor:} 10. Nd2 cxd4 11. cxd4 d5 12. exd5 exd5 13. g3 Bf6 {½-½ (42) Artemiev,V (2696)-Alekseenko,K (2563) Sochi 2017}) 10... d6 {[%emt 0:06:11]} 11. Nd2 {[%emt 0:05:15]} Qc7 {[%emt 0:01:16]} 12. Rac1 {[%emt 0:02:32]} b6 {[%emt 0:01:14]} 13. Qd1 {[%emt 0:05:38]} e5 {[%emt 0:13:49]} 14. f3 Be6 15. d5 {[%emt 0:03:30]} Bd7 {[%emt 0:00:42]} 16. b4 {[%emt 0:02:22]} f5 {[%emt 0:05:15]} 17. a4 {[%emt 0:05:51]} Qd8 {[%emt 0:04:36]} ({Black should play} 17... Bh4 $11) 18. b5 {[%emt 0:06:45]} Bg5 {[%emt 0:01:52]} 19. Nc4 {[%emt 0:07:55]} ({Lieber} 19. Bxg5 $14 Qxg5 20. Kh1) 19... Bxe3+ {[%emt 0:01:05]} 20. Rxe3 {[%emt 0:02:12]} Qg5 {[%emt 0:01:27]} 21. Qd2 {[%emt 0:01:09]} Rf6 {[%emt 0:04:48]} 22. Ree1 {[%emt 0:04:30]} f4 {[%emt 0:03:58]} 23. Ra1 {[%emt 0:01:23]} Nh4 {[%emt 0:02:42]} 24. Kh1 {[%emt 0:00:44]} Rg6 {[%emt 0:12:15]} 25. Qf2 {[%emt 0:01:50]} Rf8 {[%emt 0:01:53]} 26. Reb1 {[%emt 0:02:41]} Qh5 {[%emt 0:16:32]} ({Black should play} 26... Rh6 $14) 27. a5 {[%emt 0:03:48]} Rh6 {[%emt 0:01:29]} 28. axb6 $16 {[%emt 0:04:51]} axb6 {[%emt 0:01:42]} 29. Nxb6 {[%emt 0:02:01]} Nf5 {[%emt 0:00:19]} 30. h3 {[%emt 0:00:25]} Ng3+ {[%emt 0:00:10]} 31. Kg1 {[%emt 0:00:09]} 1/2-1/2